000 00641nam a2200169 i 4500
001 47123
003 ES-MaACL
005 20230906161516.0
007 t|
008 030403s1964 sp ||||1| spa d
245 0 0 _aContribución a la técnica de la contabilidad presupuestaria /
_cprólogo José María Butiña Granés ; traducción y revisión A. García-Martín Suárez.
260 _aBarcelona :
_bSagitario,
_c[1964]
300 _a222 p. ;
_c22 cm.
500 _aPrecede al tít.: Orden de "Experts comptables et des comptables agréés"
700 1 _aGarcía-Martín Suárez, Antonio.
_954905
852 _aES-MaACL
_jC-24998
_bR.53981
999 _c47123
_d47123